[Event "FIDE Online Olympiad"]
[Site "Chess.com"]
[Date "2020.08.01"]
[EventDate "2020.07.31"]
[Round "5"]
[Result "0-1"]
[White "Tondo James"]
[Black "Yakini Tchouka"]
[WhiteElo "1855"]
[BlackElo "1600"]
[PlyCount "92"]

1. e4 e5 2. Nf3 Nc6 3. Bb5 a6 4. Ba4 Nf6 5. O-O b5 6. Bb3 Bc5
7. c3 d6 8. d4 Bb6 9. dxe5 Nxe5 10. Nxe5 dxe5 11. Qxd8+ Kxd8
12. Bg5 Ke7 13. Bd5 Rb8 14. a4 h6 15. Bxf6+ gxf6 16. axb5 axb5
17. b4 Rg8 18. Rd1 Bh3 19. g3 h5 20. Nd2 h4 21. Nf1 hxg3
22. Nxg3 Bg4 23. Rd3 Be2 24. Rd2 Bf3 25. Bc6 Rbd8 26. Rxd8
Rxd8 27. Bxb5 Rd2 28. Rf1 Rc2 29. c4 Bd4 30. Nf5+ Ke6 31. Ba6
Kd7 32. c5 Rb2 33. Nxd4 exd4 34. b5 d3 35. b6 d2 36. h4 d1=Q
37. Rxd1+ Bxd1 38. b7 Bf3 39. Kh2 Bxe4 40. h5 Bxb7 41. Bd3
Rxf2+ 42. Kh3 Rf3+ 43. Kg4 Rxd3 44. h6 Be4 45. c6+ Kxc6
46. Kf4 Bg6 0-1

[Event "FIDE Online Olympiad"]
[Site "Chess.com"]
[Date "2020.08.01"]
[EventDate "2020.07.31"]
[Round "5"]
[Result "0-1"]
[White "Shadi Alqawasme"]
[Black "Suradj Hanoeman"]
[WhiteElo "1789"]
[BlackElo "1983"]
[PlyCount "138"]

1. e4 c5 2. Nf3 e6 3. d3 Nc6 4. g3 d6 5. Bg2 g6 6. O-O Bg7
7. c3 Nge7 8. a4 O-O 9. Na3 Rb8 10. Re1 a6 11. Be3 b5 12. Nd2
b4 13. Nab1 bxc3 14. bxc3 Ne5 15. Nf3 Ng4 16. Bg5 Rb2 17. Re2
Rxe2 18. Qxe2 h6 19. Bf4 Nc6 20. h3 Nge5 21. Nxe5 Nxe5 22. Bd2
Bb7 23. a5 Nc6 24. Bf4 e5 25. Be3 Nxa5 26. Qa2 Nc6 27. h4 Kh7
28. Nd2 Ne7 29. Nc4 Qc7 30. Qa5 Qd7 31. Rb1 Nc6 32. Qa4 Rd8
33. Kh2 Qe7 34. Nb6 Nb8 35. c4 Bc6 36. Qa5 Qc7 37. Qd2 Nd7
38. Nd5 Bxd5 39. exd5 Rb8 40. Rxb8 Qxb8 41. g4 Qb4 42. Qe2 a5
43. Be4 Nf6 44. h5 Nxe4 45. hxg6+ fxg6 46. dxe4 a4 47. Bc1 Qb3
48. Qb2 Qxc4 49. Qb1 Qf1 50. Kg3 Qc4 51. f3 Qf1 52. Qb2 Qg1+
53. Kh3 c4 54. Qc3 Qf1+ 55. Kg3 Bf6 56. Qb2 Qg1+ 57. Kh3 Qh1+
58. Qh2 Qxc1 59. g5 Qxg5 60. Qb2 Qh4+ 61. Kg2 Bg7 62. Qb4 Qg5+
63. Kf2 Qd8 64. Qxa4 Qb6+ 65. Kg3 Qb3 66. Qd7 c3 67. Qxd6 c2
68. Qc6 Qb2 69. d6 c1=Q 0-1

[Event "FIDE Online Olympiad"]
[Site "Chess.com"]
[Date "2020.08.01"]
[EventDate "2020.07.31"]
[Round "5"]
[Result "0-1"]
[White "Rahaf Faqeeh"]
[Black "Rosangela Dos Ramos"]
[WhiteElo "1444"]
[BlackElo "1765"]
[PlyCount "80"]

1. c4 g6 2. g3 Bg7 3. Bg2 d6 4. Nf3 c6 5. Nc3 Nd7 6. d3 Ngf6
7. O-O O-O 8. Rb1 e5 9. b4 h6 10. Bb2 d5 11. Nd2 d4 12. Nce4
Nxe4 13. Nxe4 Nf6 14. Ba1 Nxe4 15. Bxe4 Bh3 16. Bg2 Bxg2
17. Kxg2 f5 18. f4 e4 19. a4 Qe7 20. Re1 Rad8 21. e3 dxe3
22. Rxe3 Bxa1 23. Rxa1 Qxb4 24. Rc1 Qc5 25. d4 Rxd4 26. Qc2
Rfd8 27. Re2 Rd3 28. Qb2 b6 29. Qf6 R3d6 30. Qc3 Rd4 31. Qe3
Qb4 32. c5 bxc5 33. Qc3 Qxc3 34. Rxc3 c4 35. Rec2 Rd2+
36. Rxd2 Rxd2+ 37. Kf1 Rd4 38. Ke2 Kf7 39. Ke3 Rd3+ 40. Rxd3
cxd3 0-1

[Event "FIDE Online Olympiad"]
[Site "Chess.com"]
[Date "2020.08.01"]
[EventDate "2020.07.31"]
[Round "5"]
[Result "0-1"]
[White "Nadezhda Valerevna Marochkina"]
[Black "Ailen Oriana Mena"]
[WhiteElo "1993"]
[BlackElo "1561"]
[PlyCount "102"]

1. d4 d5 2. c4 e6 3. e3 Nf6 4. Nf3 Be7 5. Be2 O-O 6. O-O b6
7. Nc3 Bb7 8. b3 Nbd7 9. Bb2 Ne4 10. Rc1 Ndf6 11. Na4 c5
12. cxd5 exd5 13. dxc5 bxc5 14. Ba3 Rc8 15. Nd2 Qa5 16. Nxe4
Nxe4 17. Bd3 Rfd8 18. Bxe4 dxe4 19. Qh5 Rd5 20. Qg4 Rg5
21. Qe2 Ba6 22. Qc2 Bxf1 23. Kxf1 Qa6+ 24. Kg1 Qg6 25. g3 Rd5
26. Nc3 Rd3 27. Ne2 Qf5 28. Nf4 Rd7 29. Qc4 h6 30. b4 g5
31. Ne2 Rdc7 32. b5 Rd8 33. Bb2 Rd6 34. a4 Bf6 35. Ba3 Rd3
36. Bxc5 Be7 37. Nd4 Qxc5 38. Qxc5 Rxc5 39. Rb1 Rc4 40. Nc6
Bc5 41. Ne5 Rxa4 42. Nxd3 exd3 43. Kf1 Rb4 44. Rd1 Rb3 45. Ke1
Bb4+ 46. Kf1 d2 47. Ke2 Ba5 48. Ra1 Rxb5 49. Kd1 Rc5 50. Ke2
Rc1 51. Rxa5 d1=Q# 0-1

[Event "FIDE Online Olympiad"]
[Site "Chess.com"]
[Date "2020.08.01"]
[EventDate "2020.07.31"]
[Round "6"]
[Result "0-1"]
[White "Rose Berline Seine"]
[Black "Ailen Oriana Mena"]
[WhiteElo "1679"]
[BlackElo "1561"]
[PlyCount "74"]

1. e4 e5 2. Nf3 Nc6 3. Bc4 Nf6 4. Nc3 Nxe4 5. Nxe4 d5 6. Bd3
dxe4 7. Bxe4 Bd6 8. Qe2 O-O 9. O-O Bg4 10. Bxc6 bxc6 11. Qe4
f5 12. Qxc6 e4 13. Qd5+ Kh8 14. Ne5 Bh5 15. Kh1 Qh4 16. h3
Rae8 17. Nc4 Bf4 18. d3 Bf3 19. Kg1 Qg5 20. g3 Bxc1 21. Raxc1
Qh5 22. Kh2 Rd8 23. Qe5 exd3 24. cxd3 Rxd3 25. Rc3 Rd5 26. Qf4
Be2 27. Re1 Rfd8 28. Qe3 Re8 29. Qf4 Qf7 30. Ne3 Re4 31. Qg5
Rd2 32. Qxf5 Qe8 33. Qf4 Rxf4 34. gxf4 Qf7 35. Rf1 Qxf4+
36. Kg1 Bxf1 37. Kxf1 Qxf2# 0-1

[Event "FIDE Online Olympiad"]
[Site "Chess.com"]
[Date "2020.08.01"]
[EventDate "2020.07.31"]
[Round "6"]
[Result "0-1"]
[White "Imaan Kalidjo"]
[Black "Rassoul Diarra"]
[WhiteElo "1692"]
[BlackElo "1701"]
[PlyCount "100"]

1. c4 Nf6 2. Nc3 e5 3. e4 Bb4 4. Nge2 Nc6 5. a3 Bxc3 6. Nxc3
d6 7. d3 h6 8. Be3 Ng4 9. Nd5 Nxe3 10. fxe3 O-O 11. Qd2 f5
12. exf5 Bxf5 13. O-O-O a5 14. Be2 Be6 15. Bf3 a4 16. Rdf1 Na5
17. Kb1 Nb3 18. Qc2 c6 19. Nc3 Qa5 20. Bd1 Rxf1 21. Rxf1 b5
22. Qe2 b4 23. axb4 Qxb4 24. Na2 Qd2 25. Rf2 Qa5 26. Nc3 Rb8
27. Bxb3 Rxb3 28. Qc2 Qb4 29. Na2 Qa5 30. Nc1 Rb4 31. Re2 a3
32. b3 d5 33. Na2 Rb8 34. b4 dxc4 35. dxc4 Qc7 36. Re1 Qf7
37. Rc1 Qh5 38. h3 Qh4 39. Ka1 Rf8 40. Qc3 Ra8 41. Qxe5 Bf7
42. Qf4 Qe7 43. Qd4 Rd8 44. Qc3 Qa7 45. Rf1 Bg6 46. Rf4 Rd3
47. Qe1 Rxe3 48. Qf1 Qe7 49. Nc1 Qe5+ 50. Ka2 Qb2# 0-1

[Event "FIDE Online Olympiad"]
[Site "Chess.com"]
[Date "2020.08.01"]
[EventDate "2020.07.31"]
[Round "6"]
[Result "0-1"]
[White "Lionel Adu Jnr"]
[Black "Mikhail Strovsky"]
[WhiteElo "1907"]
[BlackElo "1939"]
[PlyCount "162"]

1. g3 d5 2. Bg2 e6 3. d4 Nf6 4. Bg5 Be7 5. Nf3 O-O 6. O-O Nbd7
7. c3 b6 8. Nbd2 Bb7 9. Re1 c5 10. Bxf6 Bxf6 11. e3 Qc7
12. Rc1 Rac8 13. Nb3 Ba6 14. Nfd2 c4 15. Na1 Bb7 16. e4 dxe4
17. Nxe4 Rfd8 18. Qf3 Bxe4 19. Qxe4 e5 20. Nc2 exd4 21. cxd4
Qd6 22. Red1 Re8 23. Qg4 Nf8 24. Na3 Qb4 25. Rc2 c3 26. Nb1
Rc4 27. bxc3 Qa4 28. Rdc1 Rec8 29. Nd2 R4c7 30. Nb3 Be7
31. Qf3 Ba3 32. Rd1 Ne6 33. d5 Nc5 34. d6 Rd7 35. Bh3 Ne6
36. Bxe6 fxe6 37. Qd3 Rxd6 38. Qe2 Rxd1+ 39. Qxd1 Re8 40. Nd4
e5 41. Nf5 Bf8 42. Ne3 Qe4 43. Qd5+ Qxd5 44. Nxd5 Rc8 45. Re2
Bd6 46. Kg2 Kf7 47. Kf3 Ke6 48. Ke4 Rc4+ 49. Kd3 Kxd5 50. Rd2
Kc5 51. f3 Ra4 52. Ke3 Kc6 53. h4 Ra3 54. Rc2 Bb4 55. Kd2 Rxc3
56. Rxc3+ Bxc3+ 57. Kxc3 Kd5 58. Kd3 a6 59. a3 b5 60. h5 g5
61. hxg6 hxg6 62. g4 g5 63. Ke3 a5 64. Kd3 b4 65. a4 Kc5
66. Ke4 b3 67. Kxe5 b2 68. Kf5 b1=Q+ 69. Kxg5 Qb4 70. f4 Qxa4
71. f5 Qc4 72. f6 Qf7 73. Kf5 a4 74. g5 a3 75. g6 Qd5+ 76. Kg4
Qe4+ 77. Kg5 Qe5+ 78. Kh6 Qxf6 79. Kh7 a2 80. g7 a1=Q 81. g8=Q
Qh1# 0-1

[Event "FIDE Online Olympiad"]
[Site "Chess.com"]
[Date "2020.08.01"]
[EventDate "2020.07.31"]
[Round "6"]
[Result "0-1"]
[White "Yakini Tchouka"]
[Black "Bernard Anhwere"]
[WhiteElo "1600"]
[BlackElo "1777"]
[PlyCount "48"]

1. d4 d5 2. c4 e6 3. Nc3 c6 4. Nf3 Nf6 5. Bg5 Bb4 6. a3 Bxc3+
7. bxc3 Qa5 8. Bd2 dxc4 9. Ne5 b5 10. a4 Qb6 11. g3 Nbd7
12. Nxd7 Bxd7 13. Bg2 Rc8 14. axb5 cxb5 15. O-O O-O 16. Bg5
Nd5 17. Qc1 f6 18. e4 Nxc3 19. Qxc3 fxg5 20. Rfb1 e5 21. Rd1
b4 22. Qe3 c3 23. dxe5 Qxe3 24. fxe3 c2 0-1

[Event "FIDE Online Olympiad"]
[Site "Chess.com"]
[Date "2020.08.01"]
[EventDate "2020.07.31"]
[Round "6"]
[Result "0-1"]
[White "Mark Machin Rivera"]
[Black "Sergio Miguel"]
[WhiteElo "2323"]
[BlackElo "2179"]
[PlyCount "86"]

1. c4 Nf6 2. g3 c6 3. Bg2 d5 4. Nf3 Nbd7 5. d4 e6 6. O-O Be7
7. Nc3 b6 8. b3 Ba6 9. Nd2 O-O 10. e4 Rc8 11. e5 Ne8 12. Re1
Nc7 13. cxd5 cxd5 14. f4 Nb5 15. Nxb5 Bxb5 16. f5 exf5 17. Qf3
Bb4 18. a3 Bc3 19. Ra2 Bxd4+ 20. Kh1 Nxe5 21. Qf4 Nd3 22. Qxd4
Nxe1 23. Bb2 f6 24. a4 Bd3 25. Bxd5+ Kh8 26. Nf3 Nxf3 27. Qxd3
Rc5 28. Bc4 Qa8 29. Qf1 Nd2+ 30. Qg2 Nxc4 31. bxc4 Rxc4
32. Qxa8 Rxa8 33. Ra1 Rc2 34. Bd4 Rd8 35. Bg1 Rcd2 36. a5 Rd1
37. Ra2 b5 38. a6 h6 39. Ra5 Rb1 40. Kg2 Rd2+ 41. Kf3 Rxg1
42. Rxb5 Rd3+ 43. Kf2 Ra1 0-1

[Event "FIDE Online Olympiad"]
[Site "Chess.com"]
[Date "2020.08.01"]
[EventDate "2020.07.31"]
[Round "6"]
[Result "0-1"]
[White "Ednasia Junior"]
[Black "Natasha Morales Santos"]
[WhiteElo "1768"]
[BlackElo "1720"]
[PlyCount "118"]

1. e4 e6 2. d4 d5 3. Nc3 Nf6 4. Bg5 Bb4 5. e5 h6 6. exf6 hxg5
7. fxg7 Rg8 8. Qh5 Qf6 9. Nf3 Qxg7 10. h4 gxh4 11. Qxh4 Bd7
12. Ne5 Nc6 13. Nxc6 Bxc6 14. a3 Be7 15. Qh7 O-O-O 16. Qxg7
Rxg7 17. O-O-O Rdg8 18. Rh3 Be8 19. g3 c6 20. Be2 Bd7 21. Rh2
f6 22. Rdh1 e5 23. Rd1 Kc7 24. Kb1 Bd6 25. Rh6 Be7 26. Na2 e4
27. c4 Be6 28. cxd5 cxd5 29. Rdh1 Kd7 30. Bb5+ Kd6 31. Nc3 Rc8
32. Ba4 a6 33. Bb3 e3 34. fxe3 Rxg3 35. Re1 Rcg8 36. e4 Rg1
37. Rh1 Rxh1 38. Rxh1 dxe4 39. Bxe6 Kxe6 40. Nxe4 Kd5 41. Rh7
Kxe4 42. Rxe7+ Kxd4 43. Rxb7 Rf8 44. Ra7 f5 45. Rxa6 f4
46. Rh6 f3 47. Rh1 f2 48. Rf1 Ke3 49. b4 Ke2 50. Rxf2+ Kxf2
51. Kc2 Ke3 52. Kc3 Rc8+ 53. Kb3 Kd4 54. b5 Kc5 55. a4 Rh8
56. Kc3 Rh3+ 57. Kb2 Kb4 58. b6 Kxa4 59. Kc2 Rb3 0-1

[Event "FIDE Online Olympiad"]
[Site "Chess.com"]
[Date "2020.08.01"]
[EventDate "2020.07.31"]
[Round "6"]
[Result "0-1"]
[White "Carlos Rodriguez Rosich"]
[Black "Amaro Lutuima"]
[WhiteElo "1389"]
[BlackElo "2039"]
[PlyCount "74"]

1. e4 c5 2. Nc3 e6 3. f4 Ne7 4. Nf3 d5 5. Bb5+ Nbc6 6. d3 d4
7. Bxc6+ Nxc6 8. Ne2 Be7 9. Ng3 O-O 10. O-O Bd7 11. b3 f5
12. e5 Nb4 13. Ne2 Nd5 14. h3 Qe8 15. Qe1 b5 16. g4 fxg4
17. hxg4 Qg6 18. Qg3 Nb4 19. Ne1 Bc6 20. a3 Nd5 21. Nf3 h6
22. Rf2 Rf7 23. Bd2 Ne3 24. Bxe3 dxe3 25. Rh2 c4 26. b4 cxd3
27. cxd3 Qxd3 28. g5 Bxg5 29. Nxg5 hxg5 30. Qh3 Kf8 31. Qxe6
g6 32. Qxc6 Rd8 33. Rh8+ Kg7 34. Rxd8 Qxd8 35. Qxb5 gxf4
36. Rf1 Qg5+ 37. Kh1 f3 0-1

[Event "FIDE Online Olympiad"]
[Site "Chess.com"]
[Date "2020.08.01"]
[EventDate "2020.07.31"]
[Round "4"]
[Result "0-1"]
[White "Ansumana Kamara"]
[Black "Ricardo Urbina"]
[WhiteElo "1896"]
[BlackElo "2223"]
[PlyCount "128"]

1. e4 c5 2. Nf3 Nc6 3. d4 cxd4 4. Nxd4 g6 5. Be3 Bg7 6. Nc3
Nf6 7. f3 O-O 8. Qd2 d5 9. Nxd5 Nxd5 10. exd5 Qxd5 11. c3 Nxd4
12. Bxd4 Rd8 13. Be3 Qa5 14. Qc1 b5 15. a3 Be6 16. Be2 Bc4
17. Bxc4 bxc4 18. O-O Rd3 19. Re1 Rad8 20. Qc2 a6 21. Rad1 h6
22. Rd2 R8d6 23. Rde2 Kh7 24. Bf2 e6 25. h3 R6d5 26. Kh1 Qb5
27. Be3 Qc6 28. Qc1 Rf5 29. Rf2 h5 30. Qc2 Bf6 31. Ree2 Bh4
32. Rf1 Bg3 33. Bf2 Bc7 34. Re4 Rfd5 35. Bg1 Rd2 36. Qc1 Qd6
37. Rd4 R5xd4 38. cxd4 Rxd4 39. Qc3 Rh4 40. Qe3 Qg3 41. Qf2
Rxh3+ 42. gxh3 Qxh3+ 43. Bh2 Bxh2 44. Qg2 Qxg2+ 45. Kxg2 Be5
46. Rc1 Bxb2 47. Rxc4 Bxa3 48. Ra4 Bc5 49. Rxa6 Kg7 50. f4 Be7
51. Kf3 Bd8 52. Ra7 Kf6 53. Rd7 Be7 54. Ra7 Bd6 55. Ra5 e5
56. fxe5+ Bxe5 57. Ke4 Bc7 58. Ra6+ Kg5 59. Rc6 f5+ 60. Kf3
Bd8 61. Rd6 Bf6 62. Rc6 h4 63. Ra6 Be5 64. Ra5 Bg3 0-1

[Event "FIDE Online Olympiad"]
[Site "Chess.com"]
[Date "2020.08.01"]
[EventDate "2020.07.31"]
[Round "4"]
[Result "0-1"]
[White "Nilson Cardenas Carbajal"]
[Black "Mansfield Thomas Winston Gerald"]
[WhiteElo "2074"]
[BlackElo "1806"]
[PlyCount "178"]

1. e4 c6 2. d4 d5 3. Nd2 Nf6 4. e5 Ng8 5. Bd3 e6 6. Ngf3 c5
7. c3 a6 8. O-O Nc6 9. Re1 cxd4 10. cxd4 Bd7 11. a3 Qb6
12. Nb3 h6 13. Be3 Rc8 14. Rc1 Nge7 15. Nc5 Qc7 16. b4 Ng8
17. Rb1 Ra8 18. Qe2 b5 19. Rbc1 Bxc5 20. Rxc5 Nge7 21. Nh4 g5
22. Nf3 Nc8 23. Nd2 Nb6 24. Qh5 Ke7 25. f4 Rag8 26. Rf1 Nc4
27. Bxc4 bxc4 28. fxg5 hxg5 29. Bxg5+ Rxg5 30. Qxh8 Rg6 31. h4
Qd8 32. Qxd8+ Nxd8 33. Nf3 Rg4 34. Rc7 Nc6 35. Rd1 Kd8 36. Rb7
Kc8 37. Rb6 Nb8 38. Ng5 Rf4 39. h5 Kc7 40. Rd6 Nc6 41. h6 Ne7
42. g3 Rg4 43. h7 Ng6 44. Nxf7 Rxg3+ 45. Kh2 Rg4 46. Rh1 Nf4
47. Rg1 Rh4+ 48. Kg3 Rxh7 49. Kxf4 Rxf7+ 50. Ke3 Rh7 51. Rg3
Ba4 52. Rxe6 c3 53. Kd3 c2 54. Rg1 Kb7 55. Rd6 Rc7 56. Rc1 Rh7
57. e6 Kc7 58. Rxa6 Bb5+ 59. Kxc2 Bxa6 60. Kb3+ Kd6 61. Rc5
Bc4+ 62. Kb2 Kxe6 63. a4 Rh2+ 64. Kc3 Rh3+ 65. Kc2 Bb3+
66. Kd2 Bxa4 67. Ra5 Bc6 68. Ra6 Kd7 69. Ra7+ Kc8 70. Ra6 Kb7
71. Ra5 Kb6 72. Kc2 Rg3 73. Rc5 Ra3 74. b5 Bb7 75. Kd2 Rb3
76. Kc2 Rxb5 77. Rc3 Rb4 78. Rd3 Ba6 79. Rd2 Bc4 80. Kc3 Rb3+
81. Kc2 Kb5 82. Rd1 Kb4 83. Rg1 Rh3 84. Rg8 Rh2+ 85. Kc1 Kc3
86. Rg3+ Bd3 87. Rg1 Kxd4 88. Rg4+ Kc3 89. Rg1 Ra2 0-1

[Event "FIDE Online Olympiad"]
[Site "Chess.com"]
[Date "2020.08.01"]
[EventDate "2020.07.31"]
[Round "4"]
[Result "0-1"]
[White "Peter van den Brink"]
[Black "Anthony Drayton"]
[WhiteElo "2180"]
[BlackElo "1950"]
[PlyCount "140"]

1. c4 e6 2. g3 d5 3. Bg2 Nf6 4. Nf3 Be7 5. O-O O-O 6. b3 b6
7. Bb2 Bb7 8. d3 c5 9. e3 Nbd7 10. Qe2 Qc7 11. Nc3 a6 12. Rac1
e5 13. cxd5 Nxd5 14. Nxd5 Bxd5 15. d4 exd4 16. exd4 Rfe8
17. Qd3 Bf6 18. Rfe1 Qb7 19. Re3 Rxe3 20. Qxe3 Rd8 21. Rd1 Nf8
22. Bc3 Bc6 23. Ne1 Bxg2 24. Nxg2 Ne6 25. d5 Bxc3 26. Qxc3
Rxd5 27. Re1 Rd8 28. h4 Nd4 29. Re3 Qd7 30. Nf4 Re8 31. Kg2
Qc6+ 32. f3 h6 33. Kf2 Rxe3 34. Qxe3 Kf8 35. Nd3 Qd6 36. h5
Nf5 37. Qe4 Qxg3+ 38. Ke2 Nd4+ 39. Kd2 Qxf3 40. Qxf3 Nxf3+
41. Ke3 Nd4 42. Ne5 Ke7 43. Ke4 Ke6 44. Nd3 f5+ 45. Kf4 Kf6
46. Nb2 Ne6+ 47. Kg3 Kg5 48. Nc4 b5 49. Nd6 f4+ 50. Kf3 Nd4+
51. Ke4 f3 52. Ke3 Kxh5 53. Ne4 Kg4 54. Nxc5 Nc2+ 55. Kf2 g5
56. Nxa6 Kf4 57. Nc5 g4 58. Ne6+ Ke5 59. Ng7 Nb4 60. a4 bxa4
61. bxa4 Nd3+ 62. Kg3 Ke4 63. a5 Nc5 64. Kf2 Ke5 65. Nh5 Kf5
66. Ke3 Kg5 67. Ng3 h5 68. Ne4+ Nxe4 69. a6 Nc3 70. a7 Nd5+
0-1

[Event "FIDE Online Olympiad"]
[Site "Chess.com"]
[Date "2020.08.01"]
[EventDate "2020.07.31"]
[Round "4"]
[Result "0-1"]
[White "Lesley Cielo"]
[Black "Maria Varona-Thomas"]
[WhiteElo "1243"]
[BlackElo "1733"]
[PlyCount "50"]

1. f4 d5 2. Nf3 Nf6 3. g3 g6 4. Bg2 Bg7 5. O-O O-O 6. d3 c6
7. c3 Nbd7 8. Nbd2 Ng4 9. Nb3 e5 10. e4 dxe4 11. dxe4 Qb6+
12. Kh1 Nf2+ 13. Rxf2 Qxf2 14. Qf1 Qxf1+ 15. Bxf1 exf4
16. Bxf4 Re8 17. Bd3 Ne5 18. Bc2 Nxf3 19. Kg2 Ne5 20. Nd2 Be6
21. a3 Rad8 22. Rf1 Rxd2+ 23. Bxd2 Rd8 24. Bf4 h6 25. h4 Nc4
0-1

[Event "FIDE Online Olympiad"]
[Site "Chess.com"]
[Date "2020.08.01"]
[EventDate "2020.07.31"]
[Round "4"]
[Result "0-1"]
[White "Sheriffa Ali"]
[Black "Annelaine Jacobs"]
[WhiteElo "1332"]
[BlackElo "1612"]
[PlyCount "142"]

1. e4 d6 2. d3 g6 3. Nc3 Bg7 4. Be2 Nf6 5. Nf3 O-O 6. O-O Nc6
7. a3 Bg4 8. Be3 a5 9. Rb1 Nd7 10. Qd2 Bxf3 11. Bxf3 Nde5
12. Be2 Nd7 13. Nd5 Nf6 14. Nf4 e5 15. Nh3 Qd7 16. Bf4 exf4
17. Qxf4 Nd4 18. Bd1 Rfe8 19. c3 Ne6 20. Qe3 Nd8 21. Re1 Nc6
22. Qg3 Re7 23. Rc1 Qe6 24. Rc2 Qe5 25. Qxe5 Nxe5 26. f3 Nxd3
27. Ree2 Rae8 28. Rcd2 Nc5 29. Kf1 Ne6 30. Bb3 Nh5 31. Bxe6
Rxe6 32. g4 Nf6 33. Ng5 R6e7 34. b4 Bh6 35. h4 axb4 36. axb4
Nd7 37. Rc2 Bxg5 38. hxg5 f6 39. gxf6 Nxf6 40. Rb2 Rf7 41. Kg2
Nd7 42. Red2 Ne5 43. Rd1 Rxf3 44. Rd5 Rxc3 45. Rf2 Rf8
46. Rxf8+ Kxf8 47. Kf2 Nxg4+ 48. Ke2 Re3+ 49. Kd2 Rxe4 50. Kc3
Re5 51. Rd4 Ne3 52. Rd3 Nd5+ 53. Kc4 Nb6+ 54. Kc3 h5 55. Rg3
g5 56. Kd4 g4 57. Rg2 Kg7 58. Rc2 Re7 59. Kd3 h4 60. Rc3 Nd5
61. Kc4 Nxc3 62. Kxc3 g3 63. Kd4 g2 64. Kd5 Re5+ 65. Kc4 b5+
66. Kd4 g1=Q+ 67. Kc3 Qe3+ 68. Kb2 Qd4+ 69. Kc2 Re2+ 70. Kb3
Qc4+ 71. Ka3 Ra2# 0-1

[Event "FIDE Online Olympiad"]
[Site "Chess.com"]
[Date "2020.08.01"]
[EventDate "2020.07.31"]
[Round "4"]
[Result "0-1"]
[White "Ilya Stetsenko"]
[Black "Ethan Lee"]
[WhiteElo "1596"]
[BlackElo "1324"]
[PlyCount "54"]

1. d4 Nf6 2. Nf3 g6 3. Bf4 Bg7 4. e3 O-O 5. h3 d6 6. Nbd2 Nc6
7. Be2 a6 8. O-O e6 9. c3 Nd7 10. e4 e5 11. dxe5 dxe5 12. Bg5
f6 13. Bh4 b5 14. Qb3+ Kh8 15. Rfd1 Qe8 16. Nf1 Ne7 17. Ne3
Bh6 18. Nd5 Nxd5 19. Qxd5 Nb6 20. Qb3 c5 21. Rd6 c4 22. Qc2
Nd7 23. a4 Qe7 24. Rad1 Nc5 25. axb5 axb5 26. Rc6 Bb7 27. Rb6
Bxe4 0-1

[Event "FIDE Online Olympiad"]
[Site "Chess.com"]
[Date "2020.08.01"]
[EventDate "2020.07.31"]
[Round "4"]
[Result "0-1"]
[White "Gabriella Johnson"]
[Black "Michelle Ferrufino"]
[WhiteElo "1733"]
[BlackElo "1855"]
[PlyCount "52"]

1. e4 c5 2. c3 d5 3. exd5 Qxd5 4. d4 Nf6 5. Nf3 Bg4 6. Nbd2 e6
7. Bc4 Qd6 8. O-O Nc6 9. Nb3 cxd4 10. Nbxd4 Be7 11. Qa4 O-O
12. Bg5 Bh5 13. Rad1 Nxd4 14. Rxd4 Qc5 15. b4 Qc7 16. Bf4 Qb6
17. Ng5 a5 18. Re1 axb4 19. Qb3 Ra3 20. Qb1 Rxc3 21. Nxe6 fxe6
22. Rxe6 Qxd4 23. Re4+ Qxc4 24. Rxc4 Rxc4 25. Qb3 Bf7 26. Qe3
Nd5 0-1

[Event "FIDE Online Olympiad"]
[Site "Chess.com"]
[Date "2020.08.01"]
[EventDate "2020.07.31"]
[Round "4"]
[Result "0-1"]
[White "Zara La Fleur"]
[Black "Maria Jose Granados Ortiz"]
[WhiteElo "1299"]
[BlackElo "1576"]
[PlyCount "76"]

1. e4 Nf6 2. e5 Nd5 3. d4 d6 4. Nf3 Bg4 5. Be2 Nc6 6. c4 Nb6
7. O-O dxe5 8. d5 Bxf3 9. Bxf3 Nd4 10. b3 g6 11. Nc3 Bg7
12. Re1 O-O 13. Bd2 f5 14. Rb1 e4 15. Be2 e6 16. dxe6 Nxe6
17. Qc2 c6 18. Rbd1 Qe7 19. Qc1 Rad8 20. Bh6 Bxh6 21. Qxh6 Qg7
22. Qc1 Nd7 23. b4 Ne5 24. h3 Nd4 25. Bf1 Rd7 26. Ne2 Nd3
27. Qe3 Nc2 28. Qd2 Ncxe1 29. Nc1 Rfd8 30. Nxd3 Nxd3 31. Be2
Nxb4 32. Qxb4 Rxd1+ 33. Bxd1 Rxd1+ 34. Kh2 Qe5+ 35. g3 Qa1
36. g4 Rh1+ 37. Kg3 g5 38. gxf5 Qg1# 0-1

[Event "FIDE Online Olympiad"]
[Site "Chess.com"]
[Date "2020.08.01"]
[EventDate "2020.07.31"]
[Round "4"]
[Result "0-1"]
[White "Moses Mufandaedza"]
[Black "Duane Rowe"]
[WhiteElo "1962"]
[BlackElo "2088"]
[PlyCount "136"]

1. d4 Nf6 2. c4 c5 3. d5 e6 4. Nc3 exd5 5. cxd5 d6 6. Nf3 g6
7. h3 Bg7 8. Bf4 O-O 9. Nd2 Na6 10. Nc4 Ne8 11. e3 Nac7 12. a4
b6 13. Be2 Ba6 14. O-O Bxc4 15. Bxc4 a6 16. Qc2 Rb8 17. Qe2
Bxc3 18. bxc3 b5 19. axb5 axb5 20. Ba2 Qf6 21. c4 b4 22. Bb3
Ra8 23. Rxa8 Nxa8 24. Qa2 Nac7 25. Qa1 Kg7 26. Re1 Rg8 27. e4
h6 28. Bg3 Qxa1 29. Rxa1 f5 30. e5 dxe5 31. Bxe5+ Kf8 32. Ra7
Ke7 33. Bxc7 Nxc7 34. Rxc7+ Kd6 35. Rc6+ Ke5 36. Rxc5 Kd4
37. Rc6 Kc3 38. Ba4 Ra8 39. d6 Rxa4 40. Kh2 Ra1 41. Rc5 b3
42. d7 b2 43. d8=Q b1=Q 44. Qf6+ Kc2 45. Qd4 Qg1+ 46. Kg3 Ra3+
47. Kf4 Qxg2 48. Ke5 Rd3 49. Qf4 Qb7 50. Kf6 Qb6+ 51. Kg7 Qxc5
52. Kxg6 Rd6+ 53. Kh5 Rd4 54. Qxh6 f4+ 55. Kg4 Qxc4 56. Qg6+
Kd2 57. f3 Qe2 58. Qb6 Qg2+ 59. Kf5 Qf2 60. Qb2+ Ke1 61. Qc1+
Ke2 62. Qc2+ Kf1 63. Qc1+ Kg2 64. Qc5 Rd2 65. Qc6 Qxf3
66. Qxf3+ Kxf3 67. h4 Kg3 68. h5 f3 0-1

[Event "FIDE Online Olympiad"]
[Site "Chess.com"]
[Date "2020.08.01"]
[EventDate "2020.07.31"]
[Round "4"]
[Result "0-1"]
[White "Raehanna Brown"]
[Black "Zuzana Kovacova"]
[WhiteElo "1540"]
[BlackElo "2011"]
[PlyCount "96"]

1. c4 e5 2. Nc3 Nc6 3. g3 g6 4. Bg2 Bg7 5. d3 d6 6. e3 Be6
7. Nge2 Nge7 8. O-O Qd7 9. b3 O-O 10. Bb2 Bh3 11. Qd2 Bxg2
12. Kxg2 f5 13. f4 Rad8 14. Nd5 Rde8 15. Nec3 Nd8 16. Rae1 c6
17. Nxe7+ Rxe7 18. fxe5 dxe5 19. Ba3 Ne6 20. Bxe7 Qxe7 21. d4
e4 22. Ne2 Rd8 23. Qc2 Ng5 24. Ng1 Nf7 25. Nh3 Nh6 26. Nf2 g5
27. h3 c5 28. d5 Qe5 29. g4 Re8 30. Qc1 Bf8 31. Qa1 Qd6
32. Rh1 Bg7 33. Qb1 Qd7 34. Qd1 Be5 35. h4 f4 36. exf4 Bxf4
37. hxg5 Bxg5 38. Nxe4 Qg7 39. Nf6+ Bxf6 40. Rxe8+ Kf7 41. Re4
Qg6 42. Qf3 Kg7 43. Re6 Ng8 44. Rf1 Bd4 45. d6 Qxe6 46. Qf8+
Kg6 47. d7 Qxg4+ 48. Kh1 Qh3# 0-1

[Event "FIDE Online Olympiad"]
[Site "Chess.com"]
[Date "2020.08.01"]
[EventDate "2020.07.31"]
[Round "4"]
[Result "0-1"]
[White "Shiela Cancino"]
[Black "Nickaylah Curwin"]
[WhiteElo "1420"]
[BlackElo "1422"]
[PlyCount "98"]

1. d4 d5 2. Nf3 c6 3. e3 e6 4. Bd3 Bd6 5. b3 f5 6. Bb2 Nf6
7. Nbd2 O-O 8. Ne5 Nbd7 9. c4 Ne4 10. Qc2 Qf6 11. Ndf3 Bb4+
12. Ke2 Nxe5 13. dxe5 Qg6 14. g3 Bd7 15. a3 Be7 16. Rag1 Qh5
17. h3 Qf7 18. Ke1 Rac8 19. Nd2 c5 20. Qd1 Bc6 21. f3 Nxd2
22. Kxd2 Rcd8 23. Kc2 dxc4 24. Qe1 cxd3+ 25. Kc3 Bxf3 26. Rh2
Be4 27. Qd2 b5 28. Bc1 Rd7 29. g4 Bd8 30. gxf5 exf5 31. h4
Ba5+ 32. b4 cxb4+ 33. axb4 Rc8+ 34. Kb2 Rc2+ 35. Qxc2 dxc2
36. Rxc2 Bxc2 37. Kxc2 Bxb4 38. Bb2 Qc4+ 39. Kb1 Rd2 40. h5
Rxb2+ 41. Kxb2 Qc3+ 42. Ka2 Ba3 43. Rb1 b4 44. e6 Qc4+ 45. Rb3
Qxe6 46. h6 a5 47. hxg7 a4 48. Kb1 Qxb3+ 49. Ka1 Qb2# 0-1

[Event "FIDE Online Olympiad"]
[Site "Chess.com"]
[Date "2020.08.01"]
[EventDate "2020.07.31"]
[Round "5"]
[Result "0-1"]
[White "Aaron Ramtulla"]
[Black "Moses Mufandaedza"]
[WhiteElo "1191"]
[BlackElo "1962"]
[PlyCount "62"]

1. e4 g6 2. Nc3 Bg7 3. d4 a6 4. Nf3 b5 5. a3 d6 6. e5 dxe5
7. Nxe5 Bxe5 8. dxe5 Qxd1+ 9. Nxd1 Nc6 10. f4 f6 11. exf6 Nxf6
12. b4 Nd4 13. Bd3 Bf5 14. Bxf5 gxf5 15. O-O Nxc2 16. Ra2 Nd4
17. Bb2 O-O-O 18. Bc3 Ne4 19. Re1 Rhg8 20. h3 Nf3+ 21. Kf1
Nxe1 22. Bxe1 Rxd1 23. Ke2 Rgd8 24. g4 e6 25. g5 R1d3 26. h4
Rh3 27. Rc2 Rh2+ 28. Kf1 Rxc2 29. h5 Rd1 30. g6 Ng3+ 31. Kg1
Rxe1# 0-1